| 000 | 00552nam a2200193 a 4500 | ||
|---|---|---|---|
| 005 | 20230602063613.0 | ||
| 008 | 170504s2000 mx r 000 0 spa d | ||
| 035 | _aUPN01000217512 | ||
| 049 | _aF | ||
| 050 | 4 |
_aPQ7298.23 A5.4 _bM8.4 |
|
| 100 | 1 |
_aManjarrez, Héctor, _d1945- _941006 |
|
| 245 | 1 | 3 |
_aLa mujer, el amante, el marido y el hermano / _cHéctor Manjarrez. |
| 260 |
_aMéxico : _bISSSTE, _c[201-]. |
||
| 300 | _a[14] p. | ||
| 440 | 0 |
_aBiblioteca ISSSTE ; _v6 |
|
| 650 | 4 |
_aCuentos mexicanos _96937 |
|
| 905 | _aLibro | ||
| 999 |
_c189612 _d189612 |
||